[Event "22nd Abu Dhabi Masters"]
[Site "Abu Dhabi UAE"]
[Date "2015.08.31"]
[Round "9.25"]
[White "Anand,N"]
[Black "Vakhidov,J"]
[Result "0-1"]
[WhiteTitle "FM"]
[BlackTitle "GM"]
[WhiteElo "2025"]
[BlackElo "2525"]
[WhiteFideId "25009141"]
[BlackFideId "14201801"]
[EventDate "2015.08.23"]

1. d4 g6 2. c4 Bg7 3. Nc3 d6 4. e4 Nf6 5. Be2 O-O 6. Bg5 a6 7. Qd2 c5 8. Nf3
cxd4 9. Nxd4 Nc6 10. Nc2 Be6 11. O-O Rc8 12. Rac1 Re8 13. Rfd1 Qa5 14. f3 Bxc4
15. Bxc4 Qc5+ 16. Nd4 Nxd4 17. Qxd4 Qxg5 18. Bb3 Ng4 19. Qb6 Ne3 20. Rd2 Nc4 21.
Bxc4 Qxd2 22. Rd1 Qg5 23. Bd5 Bxc3 24. bxc3 Rxc3 25. Qxb7 Qe3+ 0-1

[Event "22nd Abu Dhabi Masters"]
[Site "Abu Dhabi UAE"]
[Date "2015.08.31"]
[Round "9.26"]
[White "Gaponenko,I"]
[Black "Berescu,A"]
[Result "1/2-1/2"]
[WhiteTitle "IM"]
[BlackTitle "GM"]
[WhiteElo "2402"]
[BlackElo "2464"]
[WhiteFideId "14101181"]
[BlackFideId "1204920"]
[EventDate "2015.08.23"]

1. e4 c5 2. Nf3 d6 3. d4 cxd4 4. Nxd4 Nf6 5. Nc3 a6 6. Be3 e5 7. Nb3 Be6 8. Qd2
Nbd7 9. O-O-O Rc8 10. f4 b5 11. Kb1 Be7 12. f5 Bc4 13. g4 h6 14. Qg2 Bxf1 15.
Rhxf1 Nb6 16. Bxb6 Qxb6 1/2-1/2

[Event "22nd Abu Dhabi Masters"]
[Site "Abu Dhabi UAE"]
[Date "2015.08.31"]
[Round "9.27"]
[White "Horvath,Ad1"]
[Black "Swathi,G"]
[Result "1-0"]
[WhiteTitle "GM"]
[BlackTitle "WGM"]
[WhiteElo "2540"]
[BlackElo "2214"]
[WhiteFideId "708003"]
[BlackFideId "5003474"]
[EventDate "2015.08.23"]

1. e4 c5 2. Nf3 e6 3. d4 cxd4 4. Nxd4 a6 5. Bd3 Nf6 6. Qe2 d6 7. c4 g6 8. Nc3
Bg7 9. O-O O-O 10. Rd1 Nfd7 11. Be3 Nc6 12. Nf3 Qe7 13. Rac1 Nde5 14. Bb1 Bd7
15. Ne1 f5 16. f4 Nf7 17. Nf3 Rae8 18. Qd2 Bc8 19. Bf2 Rd8 20. Re1 Qc7 21. exf5
gxf5 22. Nd5 Qb8 23. Nb6 e5 24. b4 Ne7 25. Bh4 Rde8 26. Nxc8 Qxc8 27. c5 dxc5
28. Nxe5 Nxe5 29. fxe5 Nc6 30. Bf6 Bxf6 31. exf6 Rxe1+ 32. Rxe1 Rxf6 33. bxc5
Qf8 34. Qc3 Nd8 35. Bc2 h6 36. h3 Kg7 37. Bxf5 1-0

[Event "22nd Abu Dhabi Masters"]
[Site "Abu Dhabi UAE"]
[Date "2015.08.31"]
[Round "9.28"]
[White "Ezat,M"]
[Black "Soumya,Sw"]
[Result "1-0"]
[WhiteTitle "IM"]
[BlackTitle "WGM"]
[WhiteElo "2476"]
[BlackElo "2325"]
[WhiteFideId "10600906"]
[BlackFideId "5016193"]
[EventDate "2015.08.23"]

1. d4 Nf6 2. Nf3 g6 3. Nbd2 d5 4. e3 Bg7 5. b4 O-O 6. c4 c6 7. a4 Nbd7 8. Be2 a5
9. b5 c5 10. Bb2 Re8 11. O-O cxd4 12. Bxd4 e5 13. Bb2 e4 14. Nd4 Ne5 15. cxd5
Qxd5 16. Qb3 Qxb3 17. N4xb3 Bg4 18. Bxg4 Nfxg4 19. h3 Nf6 20. Bxe5 Rxe5 21. Nc4
Re6 22. Rfd1 Ne8 23. Nc5 Re7 24. Rac1 Nc7 25. Nb6 Rae8 26. Ncd7 Ne6 27. Nc8 f5
28. Nxe7+ Rxe7 29. Nb6 Bb2 30. Rc8+ Kf7 31. Nc4 Bf6 32. Nxa5 f4 33. Nc4 fxe3 34.
fxe3 Bg5 35. a5 Kg7 36. b6 Bf6 37. Nd6 Bg5 38. Kf2 1-0

[Event "22nd Abu Dhabi Masters"]
[Site "Abu Dhabi UAE"]
[Date "2015.08.31"]
[Round "9.29"]
[White "Padmini,R"]
[Black "Severina,M"]
[Result "1/2-1/2"]
[WhiteTitle "IM"]
[BlackTitle "WIM"]
[WhiteElo "2444"]
[BlackElo "2276"]
[WhiteFideId "5029295"]
[BlackFideId "4116909"]
[EventDate "2015.08.23"]

1. e4 e5 2. Nf3 Nc6 3. Bb5 a6 4. Ba4 Nf6 5. O-O Be7 6. Re1 b5 7. Bb3 d6 8. c3
O-O 9. h3 Re8 10. d4 Bb7 11. Nbd2 exd4 12. cxd4 Nd7 13. Nf1 Na5 14. Bc2 c5 15.
d5 Bf6 16. Rb1 Nc4 17. b3 Nce5 18. N3h2 Nb6 19. Ne3 Bc8 20. Nf5 Bxf5 21. exf5 c4
22. g4 h6 23. f4 Nd3 24. Rxe8+ Qxe8 25. Bxd3 cxd3 26. Qxd3 Rc8 27. Bd2 Rc5 28.
Re1 Qa8 29. Nf3 Qxd5 30. Qxd5 Nxd5 31. Kf2 Kf8 32. Kg3 Bc3 1/2-1/2

[Event "22nd Abu Dhabi Masters"]
[Site "Abu Dhabi UAE"]
[Date "2015.08.31"]
[Round "9.30"]
[White "Vignesh,N R"]
[Black "Antonio,V"]
[Result "0-1"]
[WhiteElo "2430"]
[BlackElo "2255"]
[WhiteFideId "25012215"]
[BlackFideId "5027330"]
[EventDate "2015.08.23"]

1. e4 c5 2. Nf3 d6 3. d4 cxd4 4. Nxd4 Nf6 5. Nc3 g6 6. Be2 Bg7 7. O-O Nc6 8. Nb3
O-O 9. Re1 Be6 10. Bf1 Qc8 11. Nd5 Re8 12. c4 Nd7 13. Rb1 Nc5 14. Bg5 h6 15. Bf4
Ne5 16. Nd4 Bd7 17. Qd2 Ne6 18. Nxe6 fxe6 19. Ne3 Kh7 20. Rbc1 Bc6 21. Qc2 b6
22. Bg3 Qb7 23. f3 a5 24. Qd2 Rf8 25. Be2 Rad8 26. f4 Nd7 27. f5 Bxe4 28. fxe6
Nc5 29. Nd5 Rf5 30. Bg4 Rg5 31. Bf3 Bxf3 32. gxf3 b5 33. b3 a4 34. Qe3 bxc4 35.
bxc4 Qb2 36. Qe2 a3 37. Rb1 Qxe2 38. Rxe2 Re8 39. Rb5 Bb2 40. f4 Rf5 41. Bf2 Nd3
42. Be3 Kg7 43. Rd2 Nc1 44. Rbxb2 axb2 45. Bd4+ Kf8 46. Bxb2 Nxa2 47. Ba3 Rxd5
48. cxd5 Nc3 49. Bb2 Ne4 50. Re2 Rb8 51. Kg2 Rb4 52. Rc2 Nc5 53. Bc1 Kg7 54. Bd2
Ra4 55. Be3 Kf6 56. Kf3 Ra3 57. Kf2 Ne4+ 58. Ke2 Kf5 59. Bc1 Rc3 60. Rxc3 Nxc3+
61. Kf3 Nxd5 62. h4 h5 0-1

[Event "22nd Abu Dhabi Masters"]
[Site "Abu Dhabi UAE"]
[Date "2015.08.31"]
[Round "9.31"]
[White "Nuber,B"]
[Black "Visakh,N R"]
[Result "1-0"]
[WhiteTitle "FM"]
[WhiteElo "2339"]
[BlackElo "2411"]
[WhiteFideId "24620289"]
[BlackFideId "25012223"]
[EventDate "2015.08.23"]

1. e4 c6 2. d4 d5 3. Nc3 g6 4. Nf3 Bg7 5. Be2 Bg4 6. Be3 Nf6 7. e5 Nfd7 8. Qd2
e6 9. Bh6 O-O 10. h4 Bxf3 11. Bxf3 f6 12. Bxg7 Kxg7 13. exf6+ Qxf6 14. O-O-O h6
15. h5 g5 16. Rhe1 Na6 17. Bg4 Rae8 18. f3 Qf7 19. Qd3 Nc7 20. Ne2 Nf6 21. Ng3
Nxg4 22. fxg4 Kh8 23. Rf1 Qg7 24. Qe3 Rxf1 25. Rxf1 Rf8 26. Rf3 Kg8 27. c3 a5
28. Nh1 Re8 29. Qf2 Re7 30. Ng3 Ne8 31. Qe2 Nc7 32. Qf2 Rf7 33. Qe3 Rf8 34. Nh1
Re8 35. Qf2 Re7 36. Ng3 b5 37. Qd2 Rf7 38. Kc2 Rf8 39. Qf2 Rf7 40. Kc1 Re7 41.
Rf6 Rf7 42. Rf3 Rf8 43. Qd2 Rf6 44. Qe3 Rf7 45. Qd2 Re7 46. Qf2 Ne8 47. Qe2 Nc7
48. Qf2 Rf7 49. Qd2 Qf8 50. Qe3 Qg7 51. Qf2 Rf8 52. Qd2 b4 53. cxb4 Rxf3 54.
gxf3 Qf8 55. Qe3 axb4 56. Qe5 Qf7 57. Kd2 Ne8 58. Ke3 Nf6 59. Qb8+ Kg7 60. Qxb4
Qc7 61. Kf2 Kf7 62. Qc3 Qb6 63. Kg2 Qa6 64. a3 Nd7 65. Qc2 Nf8 66. Ne2 Qb6 67.
Qc3 Qb5 68. Nc1 Nd7 69. Nd3 Ke8 70. b3 Qa6 71. a4 Kd8 72. Kf2 Kc7 73. Nc5 Nxc5
74. dxc5 Kb8 75. Qh8+ Kb7 76. Qxh6 Qa5 77. Qh7+ Kb8 78. Qc2 Qb4 79. h6 Qf4 80.
Kg2 Qf6 81. h7 Qh6 82. b4 d4 83. Qe4 Ka7 84. b5 Qg7 85. Qxc6 Qxh7 86. b6+ Kb8
87. Qe4 Qh8 88. c6 Kc8 89. Qxe6+ Kb8 90. Qd7 1-0

[Event "22nd Abu Dhabi Masters"]
[Site "Abu Dhabi UAE"]
[Date "2015.08.31"]
[Round "9.32"]
[White "Firouzja,Alireza"]
[Black "Karavade,E"]
[Result "0-1"]
[BlackTitle "IM"]
[WhiteElo "2309"]
[BlackElo "2409"]
[WhiteFideId "12573981"]
[BlackFideId "5012600"]
[EventDate "2015.08.23"]

1. e4 c5 2. Nf3 e6 3. d4 cxd4 4. Nxd4 Nc6 5. Nc3 Qc7 6. Be3 a6 7. Qf3 d6 8.
O-O-O Bd7 9. Qg3 Nf6 10. f4 g6 11. Be2 Rc8 12. Bf3 b5 13. Kb1 b4 14. Nce2 Nxd4
15. Bxd4 Qxc2+ 16. Ka1 Be7 17. Rc1 Qa4 18. e5 b3 19. Rxc8+ Bxc8 20. Bc6+ Qxc6
21. exf6 Qa4 22. a3 Bd8 23. f5 gxf5 24. Qxd6 Rg8 25. Ng3 Qd7 26. Nxf5 Qxd6 27.
Nxd6+ Kd7 28. Nxf7 Rf8 29. Nxd8 Kxd8 30. Rf1 Rf7 31. Rf3 Ke8 32. Rxb3 Rd7 33.
Rb8 Rxd4 34. Rxc8+ Kf7 35. Rc7+ Kxf6 36. Rxh7 Rd2 37. Rh6+ Ke5 38. g4 Rg2 39. h3
Rg3 40. Kb1 a5 41. Rh5+ Kd4 42. Rxa5 Rxh3 43. Ra8 e5 44. Rd8+ Ke3 45. a4 Rh4 46.
Rd5 Kf4 47. a5 Rxg4 48. a6 Rg8 49. a7 e4 50. Ra5 Ra8 51. Kc2 Kf3 52. Kd2 e3+ 53.
Ke1 Ke4 54. Ke2 Kd4 55. Ra4+ Kc5 56. Kxe3 Kb6 57. Kd4 Kb7 58. b4 Rd8+ 59. Kc5
Ka8 0-1

[Event "22nd Abu Dhabi Masters"]
[Site "Abu Dhabi UAE"]
[Date "2015.08.31"]
[Round "9.33"]
[White "Bashirli,Nail"]
[Black "Siva,Mahadevan"]
[Result "1/2-1/2"]
[WhiteTitle "FM"]
[WhiteElo "2235"]
[BlackElo "2401"]
[WhiteFideId "13406809"]
[BlackFideId "25043153"]
[EventDate "2015.08.23"]

1. e4 e5 2. Nf3 Nc6 3. Bb5 a6 4. Ba4 Nf6 5. O-O Be7 6. Re1 b5 7. Bb3 d6 8. c3
O-O 9. d4 Bg4 10. Be3 exd4 11. cxd4 Na5 12. Bc2 Nc4 13. Bc1 c5 14. b3 Na5 15.
Bb2 Nc6 16. d5 Nb4 17. Nbd2 Nxc2 18. Qxc2 Nd7 19. h3 Bh5 20. Nh2 Bg6 21. f4 f5
22. e5 Nb6 23. Ndf3 Nxd5 24. exd6 Bxd6 25. Rad1 Bxf4 26. Qxc5 Bf7 27. Ne5 Rc8
28. Qf2 Qc7 29. Nhf3 Rfe8 30. g3 Bh6 31. Nxf7 Qxf7 32. Ne5 Qb7 33. Qf3 Rcd8 34.
Rd3 Qb6+ 35. Kh1 Nb4 36. Rxd8 Rxd8 37. Qxf5 Qb7+ 38. Kg1 Qb6+ 39. Kh1 Qb7+ 40.
Kg1 Qa7+ 41. Kh1 Qa8+ 42. Kg1 Qa7+ 43. Kh1 Qb7+ 44. Kg1 Qa7+ 45. Kh2 Rd2+ 46.
Kh1 Qa8+ 47. Nf3 1/2-1/2

[Event "22nd Abu Dhabi Masters"]
[Site "Abu Dhabi UAE"]
[Date "2015.08.31"]
[Round "9.34"]
[White "Zozek,S"]
[Black "Gevorgyan,D"]
[Result "0-1"]
[WhiteTitle "FM"]
[BlackTitle "IM"]
[WhiteElo "2225"]
[BlackElo "2374"]
[WhiteFideId "4803361"]
[BlackFideId "13303244"]
[EventDate "2015.08.23"]

1. d4 Nf6 2. c4 g6 3. Nc3 Bg7 4. e4 d6 5. f3 Nbd7 6. Be3 c6 7. Nge2 a6 8. c5 O-O
9. cxd6 exd6 10. Nf4 Re8 11. Be2 b5 12. Qd2 Nb6 13. O-O d5 14. e5 Nfd7 15. Nh3
Nc4 16. Bxc4 bxc4 17. f4 f6 18. Nf2 Nb6 19. Rac1 Be6 20. h3 Qd7 21. Nh1 Bf5 22.
Nf2 Rab8 23. g4 Be6 24. Nh1 f5 25. gxf5 Bxf5 26. h4 Bd3 27. Rf3 Nc8 28. Nf2 Bf5
29. Na4 Bf8 30. Rg3 Qb7 31. Ng4 Re6 32. h5 Kf7 33. hxg6+ Rxg6 34. Qg2 Qb4 35. b3
cxb3 36. axb3 Qxb3 37. e6+ Ke8 38. Ne5 Qxa4 39. Nxg6 hxg6 40. Rxg6 Qa3 41. Re1
Rb1 42. Bf2 Rxe1+ 43. Bxe1 Qe3+ 44. Bf2 Qc1+ 45. Kh2 Qxf4+ 46. Bg3 Qe4 47. Qxe4
Bxe4 48. Rg8 Ne7 49. Rh8 Ng6 50. Rh7 Be7 51. Bc7 Nf8 52. Rh8 Bf5 53. Rh6 Nxe6 0-1

[Event "22nd Abu Dhabi Masters"]
[Site "Abu Dhabi UAE"]
[Date "2015.08.31"]
[Round "9.35"]
[White "Kulkarni,R"]
[Black "Patil,Pr2"]
[Result "1-0"]
[WhiteElo "2368"]
[BlackElo "2186"]
[WhiteFideId "5037077"]
[BlackFideId "5038758"]
[EventDate "2015.08.23"]

1. e4 c5 2. c3 Nf6 3. e5 Nd5 4. d4 cxd4 5. Nf3 e6 6. cxd4 Nc6 7. Bc4 d6 8. O-O
Be7 9. Qe2 O-O 10. Nc3 Nxc3 11. bxc3 dxe5 12. dxe5 Qc7 13. Bd3 b6 14. Bg5 g6 15.
Qe3 Bxg5 16. Qxg5 Bb7 17. Rfe1 Rfd8 18. Qh6 Rxd3 19. Ng5 f5 20. exf6 Rd7 21.
Rxe6 Ne5 22. Re1 Rf8 23. h3 1-0

[Event "22nd Abu Dhabi Masters"]
[Site "Abu Dhabi UAE"]
[Date "2015.08.31"]
[Round "9.37"]
[White "Stopa,Ja"]
[Black "Mona,K"]
[Result "0-1"]
[WhiteTitle "GM"]
[BlackTitle "WGM"]
[WhiteElo "2544"]
[BlackElo "2184"]
[WhiteFideId "1119591"]
[BlackFideId "10605908"]
[EventDate "2015.08.23"]

1. d4 Nf6 2. c4 g6 3. Nc3 Bg7 4. e4 d6 5. Bd3 c6 6. Nge2 a6 7. a4 a5 8. O-O Na6
9. h3 e5 10. Bb1 Qe7 11. f4 O-O 12. Kh1 exd4 13. Nxd4 Nc5 14. Re1 Nh5 15. Nf3
Be6 16. g4 Nf6 17. Ba2 Nxg4 18. hxg4 Bxg4 19. Kg2 Bxc3 20. bxc3 Nxe4 21. Be3 Qd7
22. Rh1 Rfe8 23. Qd3 Bh5 24. Rh4 Re7 25. Bg1 Rae8 26. Re1 Bxf3+ 27. Qxf3 Nd2 28.
Rxe7 Qxe7 29. Qf2 Qe4+ 30. Kh3 Qd3+ 31. Qg3 Nf3 32. Bf2 Qf1+ 33. Kg4 Nxh4 34.
Qxh4 Qe2+ 35. Kg5 Qxa2 36. Kh6 Qe2 0-1

[Event "22nd Abu Dhabi Masters"]
[Site "Abu Dhabi UAE"]
[Date "2015.08.31"]
[Round "9.38"]
[White "Ris,R"]
[Black "Raja,H"]
[Result "1-0"]
[WhiteTitle "IM"]
[WhiteElo "2449"]
[BlackElo "2247"]
[WhiteFideId "1011480"]
[BlackFideId "5089000"]
[EventDate "2015.08.23"]

1. Nf3 Nf6 2. g3 d5 3. c4 e6 4. Bg2 c5 5. O-O Nc6 6. b3 d4 7. e3 Bd6 8. exd4
cxd4 9. d3 h6 10. Re1 O-O 11. Ba3 e5 12. Bxd6 Qxd6 13. a3 a5 14. Ra2 Bf5 15. Nh4
Bh7 16. Bh3 Nd7 17. Nf5 Bxf5 18. Bxf5 g6 19. Be4 f5 20. Bd5+ Kg7 21. Rae2 Rae8
22. Qd2 Nc5 23. b4 axb4 24. axb4 Nd7 25. b5 Nb4 26. Bxb7 Nxd3 27. Qxd3 Nc5 28.
Qa3 Nxb7 29. Qxd6 Nxd6 30. Rxe5 Rxe5 31. Rxe5 Nxc4 32. Rc5 Re8 33. Kf1 Nb6 34.
Nd2 Na4 35. Rc4 Nb6 36. Rxd4 Re5 37. Rb4 Kf6 38. Rb1 Rd5 39. Nf3 g5 40. Rc1 Rxb5
41. Rc6+ Kg7 42. Nd4 Rb1+ 43. Kg2 h5 44. Nxf5+ Kf7 45. Nd6+ Kg7 46. Ne4 Nd5 47.
Nxg5 Rb2 48. Re6 h4 49. Re5 Nf6 50. Re7+ Kg6 51. Ne4 Ng4 52. h3 Ne3+ 53. Kf3
hxg3 54. fxg3 Nd5 55. Rd7 Rb3+ 56. Kg4 Ne3+ 57. Kf4 Ng2+ 58. Ke5 Rb5+ 59. Rd5
Rxd5+ 60. Kxd5 Kf5 61. Nd6+ Kg5 62. Ke4 Nh4 63. Ke3 Kh5 64. Ne4 Ng6 65. Kf3 Ne5+
66. Kf4 Ng6+ 67. Kf5 Ne7+ 68. Ke6 Ng6 69. Kf6 Nf8 70. Kf5 Ng6 71. g4+ Kh6 72.
g5+ Kg7 73. Nd6 Kh7 74. Nf7 Kg7 75. Ne5 Nh4+ 76. Kg4 Ng2 77. Nc4 Ne1 78. h4 Nd3
79. h5 1-0

[Event "22nd Abu Dhabi Masters"]
[Site "Abu Dhabi UAE"]
[Date "2015.08.31"]
[Round "9.40"]
[White "Asadli,Vugar"]
[Black "Sindarov,Javokhir"]
[Result "0-1"]
[WhiteTitle "CM"]
[BlackTitle "CM"]
[WhiteElo "2324"]
[BlackElo "2198"]
[WhiteFideId "13405764"]
[BlackFideId "14205483"]
[EventDate "2015.08.23"]

1. Nf3 Nf6 2. g3 g6 3. b3 Bg7 4. Bb2 O-O 5. Bg2 d6 6. d4 Bd7 7. O-O Qc8 8. Re1
Bh3 9. Bh1 Nc6 10. c4 Re8 11. d5 Nd8 12. Nc3 e5 13. e4 b6 14. b4 a5 15. a3 axb4
16. axb4 Rxa1 17. Qxa1 Nb7 18. Qa7 h6 19. Nd2 Nh5 20. Bf3 Rf8 21. Rc1 Bf6 22.
Nb3 Bg5 23. Rc2 f5 24. c5 f4 25. Bh1 fxg3 26. hxg3 Qg4 27. Bc1 Nxg3 28. fxg3
Bxc1 29. Nxc1 Rf1+ 30. Kh2 Qh5 31. Qb8+ Bc8+ 0-1

[Event "22nd Abu Dhabi Masters"]
[Site "Abu Dhabi UAE"]
[Date "2015.08.31"]
[Round "9.43"]
[White "Muradli,Mahammad"]
[Black "Fendereski,Nima"]
[Result "1-0"]
[WhiteTitle "CM"]
[WhiteElo "2027"]
[BlackElo "2268"]
[WhiteFideId "13409301"]
[BlackFideId "12533807"]
[EventDate "2015.08.23"]

1. d4 Nf6 2. Nf3 b6 3. g3 e6 4. c4 Ba6 5. b3 b5 6. cxb5 Bxb5 7. Bg2 d5 8. O-O
Nbd7 9. Nc3 Ba6 10. Ne5 c6 11. Bf4 Nxe5 12. Bxe5 Nd7 13. Bf4 Rc8 14. Rc1 Be7 15.
Na4 O-O 16. Qd2 c5 17. dxc5 Nxc5 18. Nxc5 Bxc5 19. Be5 Qe7 20. Bf3 Bb4 21. Qe3
Ba3 22. Rxc8 Rxc8 23. Bd4 Rc7 24. Rb1 Bd6 25. Bb2 Rc2 26. Qd4 f6 27. Qd1 Qc7 28.
Rc1 Rxc1 29. Qxc1 Qb6 30. Ba3 Bxa3 31. Qxa3 Kf7 32. Qa4 Bb5 33. Qh4 Kg8 34. Qb4
Kf7 35. Qh4 h6 36. Bh5+ g6 37. Bf3 Kg7 38. Qb4 Qb7 39. Bg4 f5 40. Qd4+ Kh7 41.
Bf3 Qg7 42. Qc5 Be8 43. Qd6 Bf7 44. Kg2 g5 45. e3 g4 46. Be2 Qf6 47. Qc7 h5 48.
Qxa7 Kh6 49. Qd4 e5 50. Qd2 Kg6 51. b4 Qd6 52. f4 gxf3+ 53. Bxf3 d4 54. e4 Be6
55. b5 Qc5 56. Qe2 Qc3 57. exf5+ Bxf5 58. b6 d3 59. Qf2 e4 60. Bxh5+ Kxh5 61.
Qxf5+ Kh6 62. Qf4+ Kg7 63. Qc7+ Qxc7 64. bxc7 d2 65. c8=Q d1=Q 66. Qb7+ Kf6 67.
Qxe4 Qd2+ 68. Kf3 Qxa2 69. h4 Qb3+ 70. Kg4 Qg8+ 71. Kh3 Qc8+ 72. Qg4 Qa8 73.
Qf4+ Kg6 74. Qd6+ Kg7 75. h5 Qh1+ 76. Kg4 Qe4+ 77. Kg5 Qe3+ 78. Kh4 Qe4+ 79. g4 1-0

[Event "22nd Abu Dhabi Masters"]
[Site "Abu Dhabi UAE"]
[Date "2015.08.31"]
[Round "9.46"]
[White "Saleh,Nab"]
[Black "Derakhshani,Borna"]
[Result "1/2-1/2"]
[WhiteTitle "FM"]
[BlackTitle "CM"]
[WhiteElo "2249"]
[BlackElo "2016"]
[WhiteFideId "9300139"]
[BlackFideId "12518450"]
[EventDate "2015.08.23"]

1. d4 Nf6 2. Nf3 e6 3. Bg5 h6 4. Bf4 Ne4 5. h3 b6 6. e3 Bb7 7. Bd3 Ng5 8. Nbd2
d5 9. O-O Bd6 10. Ne5 O-O 11. c3 Nd7 12. Bxg5 hxg5 13. Qh5 f5 14. Nxd7 Qxd7 15.
Qxg5 Rf6 16. f4 Raf8 17. Nf3 Qe8 18. Ne5 Bxe5 19. fxe5 Rg6 20. Qf4 Qe7 21. Kh2
Rh6 22. a4 a6 23. Rf3 g5 24. Qg3 Rf7 25. Kg1 Rg7 26. Bxf5 exf5 27. Rxf5 Bc8 28.
Rf2 g4 29. Qf4 Kh7 30. Kf1 Qe8 31. Ke2 gxh3 32. gxh3 Be6 33. Kd2 Rf7 34. Qg3 Rg7
35. Qf4 Rf7 36. Qg3 Rxf2+ 37. Qxf2 Qf7 38. Qxf7+ Bxf7 39. Rh1 Rg6 40. Kc2 Kg7
41. Rf1 Kf8 42. Rf3 Ke7 43. Kb3 Rh6 44. Rg3 Rh7 45. a5 Be6 46. axb6 cxb6 47. h4
Rxh4 48. Rg7+ Bf7 49. Rg3 Rh2 50. Rf3 Re2 51. Rf6 Be6 52. Rh6 Rf2 53. Rh8 Rf8
54. Rh7+ Rf7 1/2-1/2

[Event "22nd Abu Dhabi Masters"]
[Site "Abu Dhabi UAE"]
[Date "2015.08.31"]
[Round "9.49"]
[White "Ghoorchibeygi,A"]
[Black "Senthil,Maran K"]
[Result "1-0"]
[WhiteElo "2016"]
[BlackElo "2201"]
[WhiteFideId "12510505"]
[BlackFideId "25035681"]
[EventDate "2015.08.23"]

1. d4 d5 2. Nf3 Nf6 3. Bf4 c5 4. e3 Nc6 5. Nc3 Bg4 6. Be2 e6 7. h3 Bh5 8. O-O
Be7 9. Ne5 Bxe2 10. Qxe2 cxd4 11. Nxc6 bxc6 12. exd4 O-O 13. Na4 Qa5 14. b3 c5
15. dxc5 Bxc5 16. Nxc5 Qxc5 17. Rac1 Rfe8 18. c4 d4 19. Qe5 Nd7 20. Qxc5 Nxc5
21. Be5 Nd3 22. Bxd4 Red8 23. Be3 Nxc1 24. Bxc1 f6 25. b4 Rd3 26. b5 1-0